| 000 | 01029cam a22003497a 4500 | ||
|---|---|---|---|
| 001 | 15739553 | ||
| 003 | OSt | ||
| 005 | 20240624121542.0 | ||
| 008 | 090515s2008 enka 000 0 eng | ||
| 010 | _a 2009419438 | ||
| 015 |
_aGBA886225 _2bnb |
||
| 015 |
_aGBA886224 _2bnb |
||
| 016 | 7 |
_a014662836 _2Uk |
|
| 016 | 7 |
_a014662835 _2Uk |
|
| 020 | _a9781847246127 (hbk.) | ||
| 020 | _a1847246125 (hbk.) | ||
| 020 | _a9781847246110 (hbk.) | ||
| 020 | _a1847246117 (hbk.) | ||
| 035 | _a(OCoLC)ocn233788729 | ||
| 040 |
_aUKM _cMUST _dBTCTA _dQBX _dIJC _dDLC |
||
| 042 | _alccopycat | ||
| 082 | 0 | 4 | _a523.7 CHE 2008 |
| 100 | 1 |
_aCheetham, Nicolas. _917672 |
|
| 245 | 1 | 0 |
_aUniverse / _cNicolas Cheetham. |
| 260 |
_aLondon : _bQuercus, _c2008. |
||
| 300 |
_a224 p. : _bill. _c22 cm. |
||
| 650 | 0 |
_aCosmology _vPopular works. _917673 |
|
| 650 | 0 |
_aCosmology _vPictorial works. _917674 |
|
| 906 |
_a7 _bcbc _ccopycat _d2 _encip _f20 _gy-gencatlg |
||
| 942 |
_2ddc _cO_SHELF |
||
| 999 |
_c8741 _d8741 |
||